Statistics for Top XIs: Valencia CF (1977-2023)

Click here to take the quiz!

General Stats

  • This quiz has been taken 125 times
    (90 since last reset)
  • The average score is 168 of 500

Answer Stats

HintPositionAnswer% Correct
2007/2008STDavid Villa
90%
2006/2007STDavid Villa
90%
2009/2010STDavid Villa
90%
2005/2006STDavid Villa
90%
2008/2009STDavid Villa
90%
2007/2008MFDavid Silva
81%
2009/2010MFDavid Silva
81%
2006/2007MFDavid Silva
81%
2018/2019 UCLDFJosé Gayà
75%
2014/2015DFJosé Gayà
75%
2017/2018DFJosé Gayà
75%
2018/2019DFJosé Gayà
75%
2019/2020DFJosé Gayà
75%
2022/2023DFJosé Gayà
75%
2021/2022DFJosé Gayà
75%
2020/2021DFJosé Gayà
75%
1998/1999 ICMFGaizka Mendieta
73%
1997/1998MFGaizka Mendieta
73%
1993/1994MFGaizka Mendieta
73%
1995/1996MFGaizka Mendieta
73%
2000/2001MFGaizka Mendieta
73%
1999/2000MFGaizka Mendieta
73%
1998/1999MFGaizka Mendieta
73%
2016/2017MFDani Parejo
71%
2018/2019 UCLMFDani Parejo
71%
2013/2014MFDani Parejo
71%
2014/2015MFDani Parejo
71%
2015/2016MFDani Parejo
71%
2018/2019MFDani Parejo
71%
2019/2020MFDani Parejo
71%
2017/2018MFDani Parejo
71%
2003/2004MFRubén Baraja
67%
2001/2002MFRubén Baraja
67%
2004/2005MFRubén Baraja
67%
2005/2006MFRubén Baraja
67%
2000/2001MFRubén Baraja
67%
2002/2003MFRubén Baraja
67%
2007/2008MFRubén Baraja
67%
1999/2000DFAmedeo Carboni
65%
2003/2004DFAmedeo Carboni
65%
1998/1999 ICDFAmedeo Carboni
65%
2000/2001DFAmedeo Carboni
65%
1997/1998DFAmedeo Carboni
65%
1998/1999DFAmedeo Carboni
65%
2004/2005DFAmedeo Carboni
65%
2001/2002DFAmedeo Carboni
65%
1998/1999 ICSTClaudio López
65%
1996/1997STClaudio López
65%
1998/1999STClaudio López
65%
1997/1998STClaudio López
65%
1999/2000STClaudio López
65%
2021/2022MFCarlos Soler
63%
2017/2018MFCarlos Soler
63%
2020/2021MFCarlos Soler
63%
2018/2019 UCLMFCarlos Soler
63%
2019/2020MFCarlos Soler
63%
2018/2019MFCarlos Soler
63%
2019/2020MFGeoffrey Kondogbia
63%
2018/2019 UCLMFGeoffrey Kondogbia
63%
2018/2019MFGeoffrey Kondogbia
63%
2017/2018MFGeoffrey Kondogbia
63%
2006/2007MFJoaquín
60%
2007/2008MFJoaquín
60%
2008/2009MFJoaquín
60%
2011/2012DFJordi Alba
60%
2005/2006MFDavid Albelda
58%
2005/2006 IC FMFDavid Albelda
58%
2004/2005MFDavid Albelda
58%
2000/2001MFDavid Albelda
58%
2003/2004MFDavid Albelda
58%
2001/2002MFDavid Albelda
58%
2009/2010MFDavid Albelda
58%
2002/2003MFDavid Albelda
58%
2008/2009MFDavid Albelda
58%
2008/2009 UCMFDavid Albelda
58%
2006/2007MFDavid Albelda
58%
2009/2010MFJuan Mata
58%
2010/2011MFJuan Mata
58%
2008/2009MFJuan Mata
58%
2003/2004DFRoberto Ayala
58%
2006/2007DFRoberto Ayala
58%
2005/2006DFRoberto Ayala
58%
2001/2002DFRoberto Ayala
58%
2005/2006 IC FDFRoberto Ayala
58%
2002/2003DFRoberto Ayala
58%
2000/2001STJuan Sánchez
56%
1999/2000STJuan Sánchez
56%
2006/2007MFMiguel Á. Angulo
56%
1998/1999 ICMFMiguel Á. Angulo
56%
2005/2006MFMiguel Á. Angulo
56%
1998/1999MFMiguel Á. Angulo
56%
2006/2007STFernando Morientes
54%
2007/2008STFernando Morientes
54%
2008/2009 UCSTFernando Morientes
54%
2002/2003STJohn Carew
54%
2000/2001STJohn Carew
54%
2004/2005MFPablo Aimar
54%
2001/2002MFPablo Aimar
54%
2005/2006MFPablo Aimar
54%
2002/2003MFPablo Aimar
54%
2003/2004MFVicente
54%
2001/2002MFVicente
54%
2005/2006MFVicente
54%
2002/2003MFVicente
54%
2005/2006 IC FMFVicente
54%
2018/2019 UCLDFGabriel Paulista
52%
2017/2018DFGabriel Paulista
52%
2020/2021DFGabriel Paulista
52%
2019/2020DFGabriel Paulista
52%
2018/2019DFGabriel Paulista
52%
2021/2022STHugo Duro
52%
2008/2009DFRaúl Albiol
52%
2007/2008DFRaúl Albiol
52%
2006/2007DFRaúl Albiol
52%
2005/2006DFRaúl Albiol
52%
2005/2006 IC FDFRaúl Albiol
52%
2008/2009 UCDFRaúl Albiol
52%
2011/2012STRoberto Soldado
52%
2010/2011STRoberto Soldado
52%
2012/2013STRoberto Soldado
52%
2004/2005DFCarlos Marchena
50%
2007/2008MFCarlos Marchena
50%
2009/2010DFCarlos Marchena
50%
2003/2004DFCarlos Marchena
50%
2008/2009DFCarlos Marchena
50%
2008/2009 UCDFCarlos Marchena
50%
2022/2023STEdinson Cavani
50%
1979/1980STMario Kempes
50%
1982/1983STMario Kempes
50%
1978/1979STMario Kempes
50%
1983/1984STMario Kempes
50%
1977/1978STMario Kempes
50%
2000/2001DFMauricio Pellegrino
50%
1999/2000DFMauricio Pellegrino
50%
2002/2003DFMauricio Pellegrino
50%
2001/2002DFMauricio Pellegrino
50%
2019/2020MFFrancis Coquelin
48%
2018/2019 UCLMFFrancis Coquelin
48%
2021/2022STGonçalo Guedes
48%
2020/2021STGonçalo Guedes
48%
2017/2018STGonçalo Guedes
48%
2019/2020DFMouctar Diakhaby
48%
2018/2019 UCLDFMouctar Diakhaby
48%
2022/2023DFMouctar Diakhaby
48%
2020/2021DFMouctar Diakhaby
48%
2021/2022DFMouctar Diakhaby
48%
2009/2010MFPablo Hernández
48%
2010/2011MFPablo Hernández
48%
2008/2009 UCMFPablo Hernández
48%
2011/2012MFPablo Hernández
48%
2018/2019 UCLSTRodrigo
48%
2017/2018STRodrigo
48%
2014/2015STRodrigo
48%
2015/2016STRodrigo
48%
2018/2019STRodrigo
48%
2000/2001DFJocelyn Angloma
46%
1997/1998DFJocelyn Angloma
46%
1998/1999 ICDFJocelyn Angloma
46%
1999/2000DFJocelyn Angloma
46%
1998/1999DFJocelyn Angloma
46%
2000/2001MFKily González
46%
1999/2000MFKily González
46%
2013/2014STPaco Alcácer
46%
2015/2016STPaco Alcácer
46%
2014/2015STPaco Alcácer
46%
2020/2021STMaxi Gómez
44%
2019/2020STMaxi Gómez
44%
2021/2022STMaxi Gómez
44%
1998/1999DFMiroslav Đukić
44%
1999/2000DFMiroslav Đukić
44%
1997/1998DFMiroslav Đukić
44%
2000/2001DFMiroslav Đukić
44%
2004/2005STMista
44%
2003/2004STMista
44%
2015/2016DFShkodran Mustafi
44%
2014/2015DFShkodran Mustafi
44%
2008/2009 UCDF
Miguel
42%
2012/2013MFÉver Banega
42%
2010/2011MFÉver Banega
42%
2009/2010MFÉver Banega
42%
2007/2008DFMiguel
42%
2008/2009DFMiguel
42%
2006/2007DFMiguel
42%
2010/2011DFMiguel
42%
2005/2006DFMiguel
42%
2009/2010DFMiguel
42%
1991/1992MFTomás González
42%
1992/1993MFTomás González
42%
1989/1990MFTomás González
42%
1993/1994MFTomás González
42%
2017/2018DFEzequiel Garay
40%
2018/2019DFEzequiel Garay
40%
2016/2017DFEzequiel Garay
40%
1999/2000MFGerard López
40%
2014/2015DFNicolás Otamendi
40%
2005/2006 IC FSTPatrick Kluivert
40%
1994/1995STPredrag Mijatović
40%
1993/1994STPredrag Mijatović
40%
1995/1996STPredrag Mijatović
40%
2012/2013DFAdil Rami
38%
2011/2012DFAdil Rami
38%
2015/2016STÁlvaro Negredo
38%
2015/2016MFAndré Gomes
38%
2014/2015MFAndré Gomes
38%
2003/2004DFCurro Torres
38%
2001/2002DFCurro Torres
38%
2004/2005DFDavid Navarro
38%
2009/2010DFDavid Navarro
38%
2019/2020STFerran Torres
38%
1997/1998MFJavier Farinós
38%
1999/2000MFJavier Farinós
38%
1998/1999MFJavier Farinós
38%
2001/2002MFRufete
38%
2002/2003MFRufete
38%
2005/2006 IC FMFRufete
38%
2003/2004MFRufete
38%
2022/2023STSamuel Lino
38%
2010/2011STAritz Aduriz
35%
2008/2009DFEmiliano Moretti
35%
2005/2006DFEmiliano Moretti
35%
2007/2008DFEmiliano Moretti
35%
2006/2007DFEmiliano Moretti
35%
2002/2003DFFábio Aurélio
35%
2005/2006 IC FDFFábio Aurélio
35%
2017/2018STSimone Zaza
35%
2016/2017STSimone Zaza
35%
2020/2021DFThierry Correia
35%
2022/2023DFThierry Correia
35%
1993/1994MFFernando
33%
1986/1987 *MFFernando
33%
1992/1993MFFernando
33%
1994/1995MFFernando
33%
1988/1989MFFernando
33%
1995/1996MFFernando
33%
1989/1990MFFernando
33%
1990/1991MFFernando
33%
1991/1992MFFernando
33%
1987/1988MFFernando
33%
2007/2008DFIván Helguera
33%
2016/2017DFJoão Cancelo
33%
2015/2016DFJoão Cancelo
33%
2018/2019STKévin Gameiro
33%
1992/1993DFQuique S. Flores
33%
1993/1994DFQuique S. Flores
33%
1987/1988DFQuique S. Flores
33%
1991/1992DFQuique S. Flores
33%
1990/1991DFQuique S. Flores
33%
1985/1986DFQuique S. Flores
33%
1986/1987 *DFQuique S. Flores
33%
1984/1985DFQuique S. Flores
33%
1988/1989DFQuique S. Flores
33%
1989/1990DFQuique S. Flores
33%
2012/2013DFRicardo Costa
33%
2010/2011DFRicardo Costa
33%
2013/2014DFRicardo Costa
33%
2020/2021MFDaniel Wass
31%
2018/2019 UCLDFDaniel Wass
31%
2019/2020DFDaniel Wass
31%
2014/2015MF
Sofiane Féghouli
31%
2016/2017MFEnzo Pérez
31%
1997/1998STGoran Vlaović
31%
1996/1997STGoran Vlaović
31%
2011/2012DFJérémy Mathieu
31%
2010/2011DFJérémy Mathieu
31%
2013/2014DFJérémy Mathieu
31%
2012/2013MFSofiane Féghouli
31%
2013/2014MFSofiane Féghouli
31%
2011/2012MFSofiane Féghouli
31%
2012/2013MFTino Costa
31%
2011/2012MFTino Costa
31%
2021/2022DFDimitri Foulquier
29%
2021/2022MFHugo Guillamón
29%
2022/2023MFHugo Guillamón
29%
2012/2013DFJoão Pereira
29%
2013/2014DFJoão Pereira
29%
2004/2005STMarco Di Vaio
29%
2005/2006 IC FSTMarco Di Vaio
29%
2021/2022DFOmar Alderete
29%
2011/2012STJonas
27%
2012/2013STJonas
27%
2013/2014STJonas
27%
1992/1993STLuboslav Penev
27%
1993/1994STLuboslav Penev
27%
1991/1992STLuboslav Penev
27%
1989/1990STLuboslav Penev
27%
1990/1991STLuboslav Penev
27%
2008/2009MFManuel Fernandes
27%
2008/2009 UCMFManuel Fernandes
27%
1983/1984DFRicardo Arias
27%
1977/1978DFRicardo Arias
27%
1987/1988DFRicardo Arias
27%
1978/1979DFRicardo Arias
27%
1980/1981DFRicardo Arias
27%
1989/1990DFRicardo Arias
27%
1984/1985DFRicardo Arias
27%
1990/1991DFRicardo Arias
27%
1988/1989DFRicardo Arias
27%
1986/1987 *DFRicardo Arias
27%
1985/1986DFRicardo Arias
27%
1979/1980DFRicardo Arias
27%
1982/1983DFRicardo Arias
27%
1981/1982DFRicardo Arias
27%
2022/2023STSamu Castillejo
27%
1998/1999STAdrian Ilie
25%
2018/2019DFCristiano Piccini
25%
2016/2017DFEliaquim Mangala
25%
2013/2014DFJuan Bernat
25%
2016/2017DFMartín Montoya
25%
2017/2018DFMartín Montoya
25%
2001/2002STSalva Ballesta
25%
1992/1993DFVoro
25%
1991/1992DFVoro
25%
1989/1990DFVoro
25%
1987/1988DFVoro
25%
1988/1989DFVoro
25%
1985/1986DFVoro
25%
2022/2023MFYunus Musah
25%
2022/2023MFAndré Almeida
23%
1994/1995MFAntonio Poyatos
23%
2014/2015MFJavi Fuego
23%
2015/2016MFJavi Fuego
23%
2013/2014MFJavi Fuego
23%
2016/2017MFNani
23%
1993/1994DFFernando Giner
21%
1994/1995DFFernando Giner
21%
1990/1991DFFernando Giner
21%
1988/1989DFFernando Giner
21%
1986/1987 *DFFernando Giner
21%
1991/1992DFFernando Giner
21%
2011/2012MFMehmet Topal
21%
2010/2011MFMehmet Topal
21%
1994/1995DFPaco Camarasa
21%
1991/1992DFPaco Camarasa
21%
1992/1993DFPaco Camarasa
21%
1993/1994DFPaco Camarasa
21%
1995/1996DFPaco Camarasa
21%
1990/1991DFPaco Camarasa
21%
1983/1984MFRoberto
21%
1994/1995MFRoberto
21%
1991/1992MFRoberto
21%
1984/1985MFRoberto
21%
1990/1991MFRoberto
21%
1985/1986MFRoberto
21%
1982/1983MFRoberto
21%
2020/2021MFUroš Račić
21%
2021/2022MFUroš Račić
21%
2013/2014MFAndrés Guardado
19%
2012/2013MFAndrés Guardado
19%
1997/1998MFAriel Ortega
19%
2015/2016DFBarragán
19%
2014/2015DFBarragán
19%
2020/2021MFDenis Cheryshev
19%
2018/2019MFDenis Cheryshev
19%
2010/2011DF
Marius Stankevičius
19%
2003/2004STRicardo Oliveira
19%
1996/1997MFValeri Karpin
19%
2011/2012DFVíctor Ruiz
19%
2015/2016DFAymen Abdennour
17%
2022/2023DFEray Cömert
17%
1996/1997DFFernando Cáceres
17%
1997/1998DFFernando Cáceres
17%
2008/2009 UCMFHedwiges Maduro
17%
2008/2009MFHedwiges Maduro
17%
1998/1999DFJoachim Björklund
17%
1998/1999 ICDFJoachim Björklund
17%
1994/1995MFMazinho
17%
1995/1996MFMazinho
17%
2008/2009 UCDFAsier del Horno
15%
2009/2010DFBruno
15%
1998/1999 ICST
Cristiano Lucarelli
15%
1980/1981DFMiguel Tendillo
15%
1984/1985DFMiguel Tendillo
15%
1979/1980DFMiguel Tendillo
15%
1982/1983DFMiguel Tendillo
15%
1983/1984DFMiguel Tendillo
15%
1985/1986DFMiguel Tendillo
15%
1981/1982DFMiguel Tendillo
15%
2016/2017STMunir El Haddadi
15%
1979/1980STPablo Rodríguez
15%
2004/2005MFStefano Fiore
15%
1992/1993STEloy
13%
1990/1991STEloy
13%
1991/1992STEloy
13%
1988/1989STEloy
13%
1989/1990STEloy
13%
2004/2005DFMarco Caneira
13%
2005/2006 IC FDFMarco Caneira
13%
2016/2017MFMario Suárez
13%
1987/1988DFNando
13%
1988/1989DFNando
13%
1989/1990DFNando
13%
1995/1996DFPatxi Ferreira
13%
1996/1997DFPatxi Ferreira
13%
1989/1990MFCarlos Arroyo
10%
1993/1994MFCarlos Arroyo
10%
1992/1993MFCarlos Arroyo
10%
1986/1987 *MFCarlos Arroyo
10%
1987/1988MFCarlos Arroyo
10%
1988/1989MFCarlos Arroyo
10%
2018/2019 UCLST
Michy Batshuayi
10%
1996/1997DFEnrique Romero
10%
1994/1995DFEnrique Romero
10%
1995/1996DFEnrique Romero
10%
1996/1997MFGabriel Moya
10%
1987/1988MFJavier Subirats
10%
1986/1987 *MFJavier Subirats
10%
1984/1985MFJavier Subirats
10%
1980/1981MFJavier Subirats
10%
1985/1986MFJavier Subirats
10%
1981/1982MFJavier Subirats
10%
1995/1996DFJorge Otero
10%
1994/1995DFJorge Otero
10%
1996/1997DFJorge Otero
10%
1998/1999 ICMFStefan Schwarz
10%
1981/1982MFEnrique Saura
8%
1982/1983MFEnrique Saura
8%
1977/1978MFEnrique Saura
8%
1983/1984MFEnrique Saura
8%
1980/1981MFEnrique Saura
8%
1984/1985MFEnrique Saura
8%
1979/1980MFEnrique Saura
8%
1978/1979MFEnrique Saura
8%
1984/1985STJ. García Pitarch
8%
1996/1997MFJosé Ignacio
8%
1998/1999MFLuis Milla
8%
1997/1998MFLuis Milla
8%
1998/1999 ICMFLuis Milla
8%
1994/1995STOleg Salenko
8%
2012/2013DF
Aly Cissokho
6%
2002/2003DF
Anthony Réveillère
6%
2005/2006 IC FMFEdu Gaspar
6%
1986/1987 *STEmilio Fenoll
6%
1987/1988STEmilio Fenoll
6%
1989/1990STToni
6%
1990/1991STToni
6%
1995/1996MFVicente Engonga
6%
1996/1997MFVicente Engonga
6%
1995/1996STViola
6%
1983/1984DFAdjutorio Serrat
4%
1984/1985DFAdjutorio Serrat
4%
1980/1981MFDaniel Solsona
4%
1981/1982MFDaniel Solsona
4%
1979/1980MFDaniel Solsona
4%
1978/1979MFDaniel Solsona
4%
1981/1982MFFrank Arnesen
4%
1991/1992MFLeonardo
4%
1992/1993MFLeonardo
4%
1981/1982DFManolo Botubot
4%
1980/1981DFManolo Botubot
4%
1983/1984DFManolo Botubot
4%
1978/1979DFManolo Botubot
4%
1977/1978DFManolo Botubot
4%
1979/1980DFManolo Botubot
4%
1982/1983DFManolo Botubot
4%
1986/1987 *MFMiguel Bossio
4%
1990/1991MFMiguel Bossio
4%
1988/1989MFMiguel Bossio
4%
1979/1980MFRainer Bonhof
4%
1978/1979MFRainer Bonhof
4%
1986/1987 *STSixto
4%
1984/1985STWilmar Cabrera
4%
1985/1986STWilmar Cabrera
4%
1998/1999 ICDFAlain Roche
2%
1982/1983MFÁngel Castellanos
2%
1978/1979MFÁngel Castellanos
2%
1983/1984MFÁngel Castellanos
2%
1977/1978MFÁngel Castellanos
2%
1981/1982MFÁngel Castellanos
2%
1984/1985MFÁngel Castellanos
2%
1985/1986MFÁngel Castellanos
2%
1980/1981MFÁngel Castellanos
2%
1979/1980MFÁngel Castellanos
2%
1978/1979STDarío Felman
2%
1980/1981STDarío Felman
2%
1977/1978STDarío Felman
2%
1980/1981STFernando Morena
2%
2008/2009 UCMFHugo Viana
2%
1977/1978DFJosé Carrete
2%
1980/1981DFJosé Carrete
2%
1982/1983DFJosé Carrete
2%
1979/1980DFJosé Carrete
2%
1981/1982DFJosé Carrete
2%
1978/1979DFJosé Carrete
2%
1982/1983STKurt Welzl
2%
1981/1982STKurt Welzl
2%
1987/1988STRabah Madjer
2%
1977/1978STCarlos Diarte
0%
1977/1978MFEufemio Cabral
0%
1978/1979DFJosé Cerveró
0%
1977/1978DFJosé Cerveró
0%
1985/1986STJuan José Urruti
0%
1983/1984STJuan José Urruti
0%
1988/1989STLuis Flores
0%
1993/1994DFMiodrag Belodedić
0%
1992/1993DFMiodrag Belodedić
0%
1985/1986MFPaco Ferrando
0%
1986/1987 *DFSalvador Revert
0%
1987/1988DFSalvador Revert
0%
1982/1983MFSalvador Ribes
0%
1983/1984MFSalvador Ribes
0%

Score Distribution

Percentile by Number Answered

Percent of People with Each Score

Your Score History

You have not taken this quiz since the last reset